Music Quiz

Random Music Quiz
Score 0/10 Timer 04:00
0 Plays Today
% Correct
Deacon Blues
97.7%
My Old School
93.2%
FM (No Static at All)
88.6%
Hey Nineteen
84.1%
Dr. Wu
81.8%
Babylon Sisters
79.5%
Aja
68.2%
Charlie Freak
68.2%
Time Out of Mind
59.1%
Your Gold Teeth II
45.5%
Remove Ads.
Support Sporcle.
Get the best of Sporcle when you Go Orange. This ad-free experience offers more features, more stats, and more fun while also helping to support Sporcle. Thank you for becoming a member.

You're not logged in!

Compare scores with friends on all Sporcle quizzes.
OR
Log In

Show Comments

Extras

Created Sep 5, 2017ReportNominate
Tags:Musical Songs, Music Stars

Top Quizzes Today


Score Distribution

Your Account Isn't Verified!

In order to create a playlist on Sporcle, you need to verify the email address you used during registration. Go to your Sporcle Settings to finish the process.

Report this User

Report this user for behavior that violates our Community Guidelines.

Details: